Normal view
MARC view
Entry Personal Name
001 - CONTROL NUMBER
- control field: 11294
003 - CONTROL NUMBER IDENTIFIER
- control field: OSt
005 - DATE AND TIME OF LATEST TRANSACTION
- control field: 20161115133317.0
008 - FIXED-LENGTH DATA ELEMENTS
- fixed length control field: 161115|| aca||aabn | a|a d
040 ## - CATALOGING SOURCE
- Original cataloging agency: OSt
- Transcribing agency: OSt
100 ## - HEADING--PERSONAL NAME
- Personal name: Dubois,Theirry;Jauberteau,Francois;Temam,Roger;
670 ## - SOURCE DATA FOUND
- Source citation: Work cat.: (OSt): Dubois,Theirry;Jauberteau,Francois;Temam,Roger;, Dynamic Multilevel Methods and the Numerical simulation of Turbulance, 1999.
